Europäische Länder mit 10 Millionen Einwohnern - Sudden Death - Statistiken

Allgemein
  • Dieses Quiz wurde 16.213 mal gespielt
    16.107 seit der letzten Aktualisierung
  • Das Durchschnittsergebnis liegt bei 5 aus 14
Answers on the Grid
Answers color-coded by a green-red scale on the quiz's grid according to % correct below.
Albanien
Andorra
Belarus
Belgien
Bosnien und Herzegowina
Bulgarien
Dänemark
Deutschland
Estland
Finnland
Frankreich
Griechenland
Irland
Island
Italien
Kosovo
Kroatien
Lettland
Liechtenstein
Litauen
Luxemburg
Malta
Moldawien
Monaco
Montenegro
Niederlande
Nordmazedonien
Norwegen
Österreich
Polen
Portugal
Rumänien
Russland
San Marino
Serbien
Slowakei
Slowenien
Spanien
Schweden
Schweiz
Tschechische Republik
Ukraine
Ungarn
Vatikanstadt
Vereinigtes Königreich
 
Antwortstatistiken
Antwort % Korrekt
Deutschland
79%
Frankreich
72%
Italien
47%
Vereinigtes Königreich
47%
Russland
43%
Ukraine
43%
Spanien
42%
Polen
36%
Niederlande
29%
Belgien
22%
Rumänien
20%
Portugal
19%
Schweden
12%
Tschechische Republik
12%
Keine übereinstimmenden Quizze gefunden
Verteilung der Resultate
Anzahl Personen mit jedem Resultat
Perzentil nach korrekt beantworteten Fragen
Ihre Resultats-Entwicklung
Sie haben dieses Quiz seit der letzten Aktualisierung nicht gespielt